01086nam a2200301Ia 4500001000700000003000500007008004100012010001100053040000900064082001900073100004000092245010400132260004700236300002100283440000500304500001600309503000500325650009400330901001900424902000600443910000900449942000600458942000700464999001900471952009800490952009800588952009800686Z_2752CHAP220113s1992 xx 000 0 und d a165811 cCHAP a633.200973 S881 aStubbendieck, Jameseeditor9110043 aNorth American range plants /cby James Stubbendieck, Stephan L. Hatch and Charles H. Butterfield aLinconln :bUniversity of Nebraska,c1992 a493 p. : bilus. a aFotocopía a aPlantas forrajerasxE.U.A. I. Hatch, Stephan L II. Butterfield, Charles H III. t.9138674 a633.200973 S88 aA a1992 c1 cc1 c165811d165811 00102ddc40708GRALaZbZc3d2005-11-09pz_5057r2022-01-18 00:00:00t1w2022-01-18yLIBRO 00102ddc40708GRALaZbZc3d2005-11-09pz_5058r2022-01-18 00:00:00t1w2022-01-18yLIBRO 00102ddc40708GRALaZbZc3d2005-11-09pz_5059r2022-01-18 00:00:00t1w2022-01-18yLIBRO